| 000 | 00471nam a2200181Ia 4500 | ||
|---|---|---|---|
| 001 | 22601 | ||
| 005 | 20260414150842.0 | ||
| 008 | 260414t1996||||xx |||||||||||||| ||spa|| | ||
| 041 | _aESP | ||
| 082 |
_a621.38212 _bS79 |
||
| 100 |
_aStevens, Richard W. _eAUT |
||
| 245 | 0 |
_aTcp/ip ilustraded : _bTCPr for transactions, HTTP, NNTP, and the UNIX |
|
| 260 | _c1996 | ||
| 300 |
_a328 páginas : _c24 cm. |
||
| 650 | _aTCA | ||
| 654 | _aCET | ||
| 942 |
_cLIB _dJUS _fJUS _2ddc _n |
||
| 999 |
_c22601 _d22601 |
||